| 000 | 01207nam a2200193Ii 4500 | ||
|---|---|---|---|
| 003 | JO-AjNU | ||
| 008 | 230605s9999||||xx |||||||||||||| ||und|| | ||
| 040 |
_aJO-AjNU _bara _erda _cJO-AjNU |
||
| 041 | _aara | ||
| 050 | 1 | 4 | _aK1331.2008 |
| 100 | 3 |
_aإعداد عبدالرحمن آمين سلام الذنيبات؛ إشراف محمد يوسف الزعبي , _eauthor _946716 |
|
| 245 | 0 | 0 | _aالتنفيذ الجبري على الأوراق المالية التي تصدرها الشركات المساهمة العامة في قانون التنفيذ الأردني وقانون المرافعات الموحد لدول مجلس التعاون لدول الخليج العربي " دراسة مقارنة " |
| 264 | 3 | 1 | _aعمان: جامعة عمان العربية ، 2008 |
| 300 |
_a306ص _bرسالة جامعية (ماجستير في القانون الخاص )--جامعة عمان العربية ، كلية الدراسات القانونية العليا ، 2008 |
||
| 336 |
_atext _btxt _2rdacontent |
||
| 337 |
_aunmediated _bn _2rdamedia |
||
| 338 |
_avolume _bnc _2rdacarrier |
||
| 650 | 4 |
_aالاوراق المالية -- قوانين وتشريعات -- التنفيذ الجبري _946717 |
|
| 999 |
_aA20344 _c23912 _d23912 |
||